000 00633nam a2200205Ia 4500
005 20250508164755.0
008 008 250505s9999 xx 000 0 eng d
020 _a978-81-8450-274-9
037 _aReference
040 _aFEDL
_beng
_cFEDL
041 _aeng
_2eng
084 _a370.19, APP/RR
_qFEDL
100 _aApple Michael and others Ed.
_9779137
245 0 _aRoutledge international handbook of the sociology of education
260 _aLondon, UK
_bRoutledge Taylor and Francis Group
_c2010
300 _axvii,423p.
365 _aGBP
_b125
942 _cREF
_h370.19, APP/RR
999 _c1391057
_d1391057